000 00542nam a22002177a 4500
999 _c9878
_d9878
001 9878
003 BD-JhCC
005 20180402194036.0
008 180402s1960 bg p|||| |||| 00| 0 eng d
035 _a(BD-JhCC) 9878
040 _aBD-JhCC
_dBD-JhCC
041 _aeng
082 _a330
_bRAH 1960
100 _aRahman, Hafiz Habibur
245 _aDeginners' Economics
_bHafiz Habibur Rahman
260 _aDhaka :
_bIdeal Pubilcation
_c1960
300 _a246. p:
_bill
_c21 cm
650 _aEconomics
942 _2ddc
_cBK